LEADER 00909cam2 2200277 450 001 E600200013111 005 20210617124802.0 010 $a8804305487 100 $a20051013d1990 |||||ita|0103 ba 101 $aita 102 $aIT 200 1 $a<<1: >>Dal Medioevo al Settecento$fGiovanni Macchia 205 $a2. ed 210 $aMilano$cMondadori$d1990 215 $aXVI, 1516 p.$d18 cm 461 1$1001SOBE00062944$12001 $a<>letteratura francese / Giovanni Macchia 700 1$aMacchia$b, Giovanni$3AF00005007$4070$0153318 801 0$aIT$bUNISOB$c20210617$gRICA 850 $aUNISOB 852 $aUNISOB$j840$m71018 912 $aE600200013111 940 $aM 102 Monografia moderna SBN 941 $aM 957 $a840$b001730$i-1$gSi$d71018$racquisto$tV$1pregresso1$2UNISOB$3UNISOB$420051013074804.0$520210617124802.0$6bethb 996 $aDal Medioevo al Settecento$9963483 997 $aUNISOB